000 00963nam a2200229Ii 4500
003 JO-AjNU
008 230605s9999||||xx |||||||||||||| ||und||
017 _a1993/2357
020 _a977-01-3273-X
040 _aJO-AjNU
_bara
_erda
_cJO-AjNU
041 _aara
050 1 4 _aPJ7858.A33 1989
100 3 _aتأليف القعيد،يوسف,
_eauthor
_917162
245 0 0 _aالأعمال الكاملة: يوسف القعيد ، أيام الجفاف ، في الأسبوع سبعة أيام ، من يخاف كامب ديفد ، عنتر وعبلة ، هموم عائلية، الجزء الثالث
264 3 1 _aالقاهرة:مكتبة الأسرة،2003 ؛ مهرجان القراءة للجميع 2003
300 _aج3، 311ص
336 _atext
_btxt
_2rdacontent
337 _aunmediated
_bn
_2rdamedia
338 _avolume
_bnc
_2rdacarrier
490 0 _aسلسلة الأعمال الكاملة
650 4 _aالأدب العربي - قصص
_917163
999 _aA5243
_c8811
_d8811